Mounathinte Nilavili/ (Record no. 29478)

000 -LEADER
fixed length control field 00381nam a22001571a 4500
020 ## - INTERNATIONAL STANDARD BOOK NUMBER
ISBN 9788171807154
082 ## - DEWEY DECIMAL CLASSIFICATION NUMBER
Classification number M3
Item number PKP/M
100 ## - MAIN ENTRY--AUTHOR NAME
Personal name P K Parakkadavu
245 ## - TITLE STATEMENT
Title Mounathinte Nilavili/
Statement of responsibility, etc by P K Parakkadavu
260 ## - PUBLICATION, DISTRIBUTION, ETC. (IMPRINT)
Place of publication Kozhikode:
Name of publisher Poorna,
Year of publication 1999.
300 ## - PHYSICAL DESCRIPTION
Number of Pages 118p.
650 ## - SUBJECT ADDED ENTRY--TOPICAL TERM
Topical Term Novel Malayalam
650 ## - SUBJECT ADDED ENTRY--TOPICAL TERM
Topical Term Literature Malayalam
650 ## - SUBJECT ADDED ENTRY--TOPICAL TERM
Topical Term Literature
942 ## - ADDED ENTRY ELEMENTS (KOHA)
Koha item type Book
Holdings
Withdrawn status Lost status Damaged status Not for loan Permanent Location Current Location Date acquired Cost, normal purchase price Full call number Accession Number Cost, replacement price Price effective from Koha item type Shelving location
        Sree Sankaracharya University of Sanskrit Sree Sankaracharya University of Sanskrit 08.01.2015 50.00 M3 PKP/M 029418 0.00 08.01.2015 Book  
        Sree Sankaracharya University of Sanskrit Sree Sankaracharya University of Sanskrit 23.10.2018 50.00 M3 PKP/M 092279   23.10.2018 Book Stacks